000 00417nam a2200145Ia 4500
005 20250522011251.0
008 240331s9999 xx 000 0 und d
082 _a301SEN
100 _aSenthival, K
245 0 _aKailasapathiyin samooga nokum pangalippum
260 _aMadras
_bNational Art & Literary Association
_c1992
300 _a79 p .,
500 _aA book About Kalilasapathyin Samooga Pangalippu
942 _cL
999 _c1016
_d1016